Central Library OPAC University of Rajshahi

Numerical analysis / (Record no. 6195)

MARC details
000 -LEADER
fixed length control field 00640nam a2200229I 4500
001 - CONTROL NUMBER
control field 6195
003 - CONTROL NUMBER IDENTIFIER
rucl marc code BD-RjUL
005 - DATE AND TIME OF LATEST TRANSACTION
control field 20211208234213.0
008 - FIXED-LENGTH DATA ELEMENTS--GENERAL INFORMATION
fixed length control field 140109s1963 nyu 00100 eng d
035 ## - SYSTEM CONTROL NUMBER
System control number (BD-RjUL)6235
040 ## - CATALOGING SOURCE
Transcribing agency DRB
Modifying agency BOS
Original cataloging agency BD-RjUL
Language of cataloging eng
041 ## - LANGUAGE CODE
Language code of text/sound track or separate title eng
082 00 - DEWEY DECIMAL CLASSIFICATION NUMBER
Edition number 19
Classification number 519.4
Author mark and year MAN 1966
100 1# - MAIN ENTRY--PERSONAL NAME
Personal name Macon, Nathaniel.
9 (RLIN) 19480
245 10 - TITLE STATEMENT
Title Numerical analysis /
Statement of responsibility, etc. BY Nathaniel Macon.
260 ## - PUBLICATION, DISTRIBUTION, ETC. (IMPRINT)
Place of publication, distribution, etc. New York :
Name of publisher, distributor, etc. Wiley,
Date of publication, distribution, etc. 1963 [impression 1966].
300 ## - PHYSICAL DESCRIPTION
Pagination xiii, 161 p. :
Illustrations ill. ;
Size 24 cm.
504 ## - BIBLIOGRAPHY, ETC. NOTE
Bibliography, etc Includes index.
650 #0 - SUBJECT ADDED ENTRY--TOPICAL TERM
Topical term or geographic name as entry element Numerical calculations.
9 (RLIN) 19279
Topical term or geographic name as entry element Computers.
9 (RLIN) 19481
942 ## - ADDED ENTRY ELEMENTS (KOHA)
Source of classification or shelving scheme Dewey Decimal Classification
Koha item type Books
Holdings
Lost status Source of classification or shelving scheme Damaged status Not for loan Collection code Permanent Location Current Location Shelving location Date acquired Source of acquisition Cost, normal purchase price Total Checkouts Full call number Date last seen Copy number Koha item type
  Dewey Decimal Classification     Non-fiction Central Library, University of Rajshahi Central Library, University of Rajshahi   19/12/1967 National Book Agency. 42.00   519.4 MAN 1966 09/01/2014 C-3 Books
  Dewey Decimal Classification   Not For Loan Non-fiction Central Library, University of Rajshahi Central Library, University of Rajshahi   10/04/2065 Zeitlinger 40.00   519.4 MAN 1963 09/01/2014 C-1 Books
  Dewey Decimal Classification     Non-fiction Central Library, University of Rajshahi Central Library, University of Rajshahi   14/12/1967 National Book Agency. 42.00   519.4 MAN 1966 11/01/2014 C-2 Books